00628 2200241 4500001002100000005001500021035002000036007000300056008004100059020002200100082000800122084001800130084001900148084001800167100001600185245005200201250001000253260003900263300004500302990001300347990001300360990001300373INLIS00000000000954120230705025808 a0010-0723000071ta230705 g 0 ind  a978-602-313-068-9 a372 a372 ZAI p C.1 a372 ZAI p C.2 a372 ZAI p C.30 azainal Aqib1 aPTK :bPenelitian TINDAKAN kelas /czainal Aqib acet.1 aYogyakarta :bAr-Ruzz Media,c2017 a492 hlm :billus bergambar ;c17 x 24 cm a023.3125 a023.3126 a023.3127